Role of BRCA1 and BRCA2 gene mutations in epithelial ovarian cancer in Indian population (Record no. 880451)

MARC details
000 -LEADER
fixed length control field 01112nam a2200301Ia 4500
003 - CONTROL NUMBER IDENTIFIER
control field OSt
005 - DATE AND TIME OF LATEST TRANSACTION
control field 20220930090350.0
008 - FIXED-LENGTH DATA ELEMENTS--GENERAL INFORMATION
fixed length control field 220926b |||||||| |||| 00| 0 eng d
037 ## - SOURCE OF ACQUISITION
Terms of availability Theses
040 ## - CATALOGING SOURCE
Original cataloging agency CRL
Transcribing agency CRL
Language of cataloging eng
041 ## - LANGUAGE CODE
Source of code eng
Language code of text/sound track or separate title eng
100 ## - MAIN ENTRY--PERSONAL NAME
Personal name Sharma Shikha
9 (RLIN) 542366
110 ## - MAIN ENTRY--CORPORATE NAME
Corporate name or jurisdiction name as entry element University of Delhi. Faculty of Medical Sciences. Department of Obstetrics and Gynaecology
245 #0 - TITLE STATEMENT
Title Role of BRCA1 and BRCA2 gene mutations in epithelial ovarian cancer in Indian population
Remainder of title A pilot study
260 ## - PUBLICATION, DISTRIBUTION, ETC.
Date of publication, distribution, etc. 2010
300 ## - PHYSICAL DESCRIPTION
Extent 90p.
-- p.
Dimensions cm.
650 ## - SUBJECT ADDED ENTRY--TOPICAL TERM
Topical term or geographic name entry element WOMEN - DISEASES
700 ## - ADDED ENTRY--PERSONAL NAME
Personal name Dr. Neerja Goel Gu.
9 (RLIN) 532678
700 ## - ADDED ENTRY--PERSONAL NAME
Personal name Dr. Sarla Agarwal Gu.
9 (RLIN) 533890
700 ## - ADDED ENTRY--PERSONAL NAME
Personal name Dr. Shalini Rajaram Gu.
9 (RLIN) 533710
700 ## - ADDED ENTRY--PERSONAL NAME
Personal name Dr. Sujatha Sunil Gu.
9 (RLIN) 542367
700 ## - ADDED ENTRY--PERSONAL NAME
Personal name University of Delhi. Faculty of Medical Sciences. Department of Obstetrics and Gynaecology
942 ## - ADDED ENTRY ELEMENTS (KOHA)
Koha item type Dissertations
Source of classification or shelving scheme Colon Classification (CC)

No items available.

Copyright @ Delhi University Library System